Liedtext - Mein Herz brennt - Rammstein - Statistiken

Allgemein
  • Dieses Quiz wurde 372 mal gespielt
  • Das Durchschnittsergebnis liegt bei 136 aus 176
Antwortstatistiken
Textquiz % Korrekt
brennt
100%
Herz
100%
Mein
100%
Ich
92%
ich
92%
die
89%
Die
89%
liebe
87%
der
86%
bin
85%
aus
84%
dem
84%
hab
83%
Hab
83%
Mit
83%
Kinder
80%
acht
79%
euch
79%
Kissen
79%
meine
79%
Stimme
79%
zu
79%
es
78%
fein
78%
gebt
78%
Nun
78%
Ein
77%
am
75%
etwas
75%
Macht
74%
mitgebracht
74%
meiner
72%
Brust
71%
diesem
71%
gerissen
71%
in
71%
Nacht
71%
bis
70%
Sie
70%
sie
70%
Tag
70%
heller
69%
Schein
68%
erwacht
67%
Firmament
65%
kommen
61%
singe
61%
Und
61%
erpressen
60%
Augenlider
53%
eure
46%
kleinen
44%
Tränen
44%
Kellerschacht
43%
unter
43%
kriechen
42%
schwarze
42%
sehen
42%
Mond
41%
Geister
40%
heißen
39%
warten
39%
werden
39%
Bettzeug
38%
Dämonen
38%
euer
38%
kalten
38%
Feen
36%
Venen
34%
stehlen
33%
drücken
26%
Keine übereinstimmenden Quizze gefunden
Verteilung der Resultate
Anzahl Personen mit jedem Resultat
Perzentil nach korrekt beantworteten Fragen
Ihre Resultats-Entwicklung
Sie haben dieses Quiz noch nicht gespielt